| 000 | 00753nam a22001337a 4500 | ||
|---|---|---|---|
| 040 | _cRUA | ||
| 082 | _aAGR YI 2012 B053 Or.1 | ||
| 100 | _aYI, CHANTHEA. | ||
| 245 | _afarmer's ledivelihood improvement through integrated farming system in borseth district, kompong speu province (ការលើកម្ពស់ជីវភាពគ្រូសារកសិករតាមរយៈការអនុវត្តន៍ប្រព័ន្ធកសិកម្មចម្រុះនៅស្រុកបរសេដ្ធខេត្តកំពង់ស្ពឺ) | ||
| 260 |
_aPhnom Penh _bRUA _c2013 |
||
| 300 |
_av, 46p. _bill. _c29cm. |
||
| 856 | _uhttps://drive.google.com/file/d/1UF93Gt8UbO33r71fkEIfLMKY1tK505-1/view?usp=sharing | ||
| 942 | _cAGR | ||
| 999 |
_c1382 _d1382 |
||